| 000 | 01654nam a2200241Ia 4500 | ||
|---|---|---|---|
| 003 | Ost | ||
| 005 | 20260507075423.0 | ||
| 008 | 260507s9999||||xx |||||||||||||| ||und|| | ||
| 020 | _a49606999579 | ||
| 040 | _cfsecg | ||
| 041 | _aara | ||
| 082 | _a330 | ||
| 100 |
_aمعلا، ناجي ذيب _eمؤلف |
||
| 245 | 0 |
_aالأصول العلمية للتسويق المصرفي / _c ناجي ذيب معلا |
|
| 260 |
_aعمان: _bدار المسيرة, _c2015 |
||
| 300 |
_a373 صفحة؛ _bإيضاحات ؛ _c24 سم |
||
| 520 | _aيضم مقدمة في التسويق، البيئة التسويقية للمصرف، الخدمة المصرفية وخصائصها التسويقية، مزيج خطوط الخدمات المصرفية، جودة الخدمة المصرفية، دور حياة الخدمة المصرفية واستراتيجياتها التسويفية، الجوانب السلوكية في شراء الخدمة المصرفية، تسعير الخدمات المصرفية، توزيع الخدمة المصرفية ونظم توصيلها، ترويج الخدمات المصرفية، البيع الشخصي ودوره في التسويق المصرفي، العلاقات العامة وتفعيل دورها في في المصرف، خدمة العملاء ومضامينها التسويقية، بحوث التسويق ونظم المعلومات المصرفية، المراجعة التسويقية في المصرف (نظام متكامل). | ||
| 653 | _aأدارة المبيعات | ||
| 653 | _aالبنوك | ||
| 653 | _aالتسويق | ||
| 653 | _aالتسويق- المصارف | ||
| 942 | _cكتاب | ||
| 999 |
_c44474 _d44474 |
||